000 00390nam a2200157Ia 4500
008 160319s9999 xx 000 0 und d
020 _a9715980287
050 _a398.6
050 _bC227b 2008
100 _aCanonigo, C.S
245 _aBook of local and foreign riddles??? /
245 _cC. S. Canonigo.
260 _bSIBS Pub. House Inc.
260 _c2002
300 _a105 pages :
999 _c292142
_d292142